Compound Words Quiz #6 - Statistics

General Stats
  • This quiz has been taken 92 times
  • The average score is 11 of 20
Answer Stats
Hint Answer % Correct
Caring for kids while their parents are absent, often done as a job by teens Babysit
99%
Every person has their own specific day that is celebrated once a year Birthday
95%
Tower that is designed to emit light to act as a beacon for navigational aid Lighthouse
88%
Form of emotion where a person misses the place they come from Homesick
84%
Item of food consisting of two pieces of bread with a filling between them Sandwich
81%
Large board with a smooth dark surface that is written on with chalk Blackboard
79%
A main road, especially one connecting major towns or cities Highway
78%
Fabricated metal used to protect a horse’s hoof from wear Horseshoe
78%
Vehicle with a pronged device in front for lifting and carrying heavy loads Forklift
64%
A cord passed through eyelets or hooks on opposite sides and pulled tight and fastened, and is often tied into a bow using the ‘bunny ears’ method Shoelace
64%
Spontaneous group discussion to produce ideas and ways of solving problems Brainstorm
60%
Bat-and-ball game often played in a small diamond and often by women Softball
52%
A small item kept in memory of a person, place or event Keepsake
51%
Involving or denoting a speed greater than that of sound Supersonic
44%
When a plan seems to have an opposite and undesirable effect to what was intended Backfire
29%
Vehicle that travels in the air while carrying passengers Aircraft
25%
Instance when large hectares of vegetation catch fire, spreads rapidly Bushfire
21%
Person without professional or specialized knowledge in a particular subject Layman
19%
A short film dealing with current affairs Newsreel
13%
Unused area of ground that has become barren or overgrown Wasteland
12%
No matching quizzes found
Score Distribution
Percent of People with Each Score
Percentile by Number Answered
Your Score History
You have not taken this quiz